| 000 | 00589cam a2200193 a 4500 | ||
|---|---|---|---|
| 001 | 000003133 | ||
| 005 | 20200929150335.0 | ||
| 008 | 801119s1968 sp 001 e spa | ||
| 040 |
_aDO-SdBNP _bspa _cBNPHU |
||
| 082 |
_aAr864.6 _bS715n |
||
| 100 | 1 |
_aSosa López, Emilio. _99884 |
|
| 245 | 1 | 3 |
_aLa novela y el hombre / _cEmilio Sosa López. |
| 260 |
_aMadrid : _bGredos, _c1968. |
||
| 300 |
_a137 p. ; _c21 cm. |
||
| 440 | 0 |
_aBiblioteca Universitaria Gredos _99885 |
|
| 490 | 0 |
_aEnsayos _v2 |
|
| 650 | 4 |
_aFicción _ySIGLO 20 _xHistoria y crítica _99886 |
|
| 650 | 4 |
_aLiteratura argentina _93860 |
|
| 999 |
_c2964 _d2964 |
||